00514nam a2200193 a 4500001001300000003000900013005001700022008004100039020001000080082001800090100002500108245003200133260004600165300000900211500003500220505001700255650002300272700002500295nice12345678IN_TiNIC20260116011509.0050524s1960 dela grp 000 0 urd  ac10000a297.1227bMEH aMeher, Ghulam Rasool aBaqiyat-I- Tarjumanul Quran aDelhi bPayam-E-mashriq Book Depot c1960 a110p aincludes index and biblioraphy2 aBibliography aQuran-Hermeneutics1 aMeher, Ghulam Rasool